Optimálna trvanlivosť reznej hrany nástroja na hrubovanie hriadeľov

Bibliographic Details
Main Author: Kotúč, Ján, 1927-2007 (Author)
Format: Article
Language:Slovak

MARC

LEADER 00000nab a2200000uu 4500
001 vtls011457162
003 SK-MaSNL
005 20260303151618.0
008 230222|1979 xo |||||||||||||||||slo|
015 |a SNBRB 
035 |a (urnnbn)urn:nbn:sk:snk:ar-a09srs 
035 |a (uuid)2a3c9660-49bd-4e57-940c-94016242b22f 
035 |a urn:nbn:sk:snk-abcrtd 
040 |a SNKBUCL  |b slo  |c SNKBUCL  |e AACR2 
041 0 |a slo 
044 |a xo  |c SK 
100 1 |a Kotúč, Ján,  |d 1927-2007  |4 aut  |9 208376 
245 1 0 |a Optimálna trvanlivosť reznej hrany nástroja na hrubovanie hriadeľov  |c J. Kotúč 
773 0 |t Strojnícky časopis  |g Roč. 30, č. 6 (1979), s. 681-687 
954 |a odborná, vedecká literatúra pôvodná (slovenská)  |2 lita 
958 |a OND 
958 |a EUIPO 
958 |a article16 
999 |c 2018556  |d 2020486